Kiến trúc Việt Nam

Tạp chí chuyên ngành kiến trúc ra hàng tháng thuộc bộ xây dựng

সংরক্ষণ করুন:
গ্রন্থ-পঞ্জীর বিবরন
প্রধান লেখক: Bộ Xây dựng
বিন্যাস: গ্রন্থ
ভাষা:Undetermined
প্রকাশিত: Hà Nội
বিষয়গুলি:
অনলাইন ব্যবহার করুন:http://lrc.tdmu.edu.vn/opac/search/detail.asp?aID=2&ID=7265
ট্যাগগুলো: ট্যাগ যুক্ত করুন
কোনো ট্যাগ নেই, প্রথমজন হিসাবে ট্যাগ করুন!
Thư viện lưu trữ: Trung tâm Học liệu Trường Đại học Thủ Dầu Một
LEADER 00630nam a2200169Ia 4500
001 TDMU_7265
008 210410s9999 xx 000 0 und d
082 |a NULL 
100 |a Bộ Xây dựng 
245 0 |a Kiến trúc Việt Nam 
245 0 |c Bộ Xây dựng 
260 |a Hà Nội 
300 |a 86tr 
520 |a Tạp chí chuyên ngành kiến trúc ra hàng tháng thuộc bộ xây dựng  
650 |a Tạp chí Kiến trúc Việt Nam  
856 |u http://lrc.tdmu.edu.vn/opac/search/detail.asp?aID=2&ID=7265 
980 |a Trung tâm Học liệu Trường Đại học Thủ Dầu Một